Memorias de la Orinoquia Venezolana: (Registro nro. 7909)
[ vista simple ]
| 000 -CABECERA | |
|---|---|
| Campo de control | 01247nmm a22002657a 4500 |
| 005 - FECHA Y HORA DE LA ULTIMA TRANSACCION | |
| Campo de control | 20170208142110.0 |
| 008 - ELEMENTOS DE LONGITUD FIJA—INFORMACION GENERAL | |
| Campo de control | 131126b2011 ve ||||| |||| 00| 0 spa d |
| 040 ## - FUENTE DE CATALOGACIÓN | |
| Agencia catalogadora original | CO-BoIAVH |
| Agencia transcriptora | CO-BoIAVH |
| 041 ## - IDIOMA | |
| Código de idioma para texto/pista de sonido o título separado | Español |
| 044 ## - PAÍS DE PUBLICACIÓN | |
| País de publicación | Colombia |
| 090 ## - CLASIFICACIÓN LOCAL | |
| Colección | MM |
| Consecutivo | 00377 |
| 110 1# - ASIENTO PRINCIPAL--NOMBRE CORPORATIVO | |
| Nombre corporativo o de jurisdicción como elemento de entrada | Fundación la Salle de Ciencias Naturales |
| 9 (RLIN) | 3173 |
| 245 10 - MENCION DE TITULO | |
| Título | Memorias de la Orinoquia Venezolana: |
| Parte restante del título | 349 contribuciones al conocimiento de la biodiversidad de la Orinoquia Venezolana. |
| 256 ## - CARACTERÍSTICAS DE ARCHIVO(S) | |
| Características de archivos | Archivo ejecutable (46.451 KB) |
| 260 ## - PUBLICACION, DISTRIBUCION, ETC. (PIE DE IMPRENTA) | |
| Lugar de publicación, distribución, etc. | Venezuela: |
| Nombre del editor, distribuidor, etc. | Fundación la Salle de Ciencias Naturales, |
| Fecha de publicación, distribución, etc. | 2011. |
| 300 ## - DESCRIPCION FISICA | |
| Extensión | 1 CD-Rom |
| Otros detalles físicos | Archivo ejecutable (26.451 KB) |
| 504 ## - NOTA DE BIBLIOGRAFIA, ETC. | |
| Nota de bibliografía | Incluye bibliografía |
| 520 ## - NOTA DE RESUMEN, ETC. | |
| Nota de resumen | Memorias de la fundación la Salle de Ciencias Naturales es una revista científica, periódica semestral y arbitraria por evaluadores externos que publica artículos originales y ensayos sobre botánica, zoología geología, ecología, Oceanografía, limnología, acuicultura, pesquerías, conservación y manejo de recursos. |
| 538 ## - NOTA DE DETALLES DEL SISTEMA | |
| Nota de detalles del sistema | Requiere Adoble Flash |
| 546 ## - NOTA DE IDIOMA | |
| Nota de idioma | Ingles-Español |
| 650 1# - ASIENTO SECUNDARIO DE MATERIA - TERMINO TEMATICO | |
| Término temático o nombre geográfico como elemento de entrada | Orinoquia |
| Subdivisión geográfica | Venezuela |
| 9 (RLIN) | 79252 |
| 700 ## - ASIENTO SECUNDARIO - NOMBRE PERSONAL | |
| Nombre personal | Celsa Señaris-Daniel Lew |
| Término de relación | te. |
| 9 (RLIN) | 2948 |
| 700 ## - ASIENTO SECUNDARIO - NOMBRE PERSONAL | |
| Nombre personal | Max Demian Hernández |
| Término de relación | di. |
| 9 (RLIN) | 2949 |
| 942 ## - ELEMENTOS ADICIONALES (KOHA) | |
| Sistema de clasificación | Local |
| Tipo de ítem | CD-ROM |
| Koha issues (borrowed), all copies | 1 |
| Withdrawn status | Lost status | Sistema de Clasificación | Damaged status | No para préstamo | Colección | Ubicación Permanente | Ubicación actual | Fecha de adquisición | Total Checkouts | Número topográfico | Inventario / Código de Barras | Date last seen | Date checked out | Ejemplar | Price effective from | Forma de adquisición | Tipo de material |
|---|---|---|---|---|---|---|---|---|---|---|---|---|---|---|---|---|---|
| Local | Recursos electrónicos | Bogotá | Bogotá | 26/11/2013 | 1 | MM-00377 | 059011 | 12/02/2016 | 09/02/2016 | Ej. 1 | 26/11/2013 | Donación | CD-ROM |